Posicionamiento al sentado: consideraciones acerca del control postural y la funcionalidad

Guardat en:
Dades bibliogràfiques
Autors principals: Alvarez, Alejandra (Autor), Carrillo, Rayen (Autor), Cisternas, Roberto (Autor), Cofré, María Jesús (Autor), Durán, David (Autor), Fuentes, Gabriel (Autor), Humbser, Laura (Autor), López, Ximena (Autor), Moya, Lucia (Autor), Silva, Paula (Autor), Rodríguez, María Inés (Autor)
Format: Llibre
Idioma:espanyol
Publicat: Santiago Teleton Chile 2015
Edició:1a. ed
Matèries:
Etiquetes: Afegir etiqueta
Sense etiquetes, Sigues el primer a etiquetar aquest registre!

MARC

LEADER 00000cam a2200000 a 4500
001 UCD3357
003 CL-VaPUC
008 160603e20150000cl |||||||||||||||||spa|d
082 0 4 |a 613.0434  |b ALV  |2 21 
100 0 |a Alvarez, Alejandra  |e author  |9 586786 
700 0 |a Carrillo, Rayen  |e author  |9 586787 
700 0 |a Cisternas, Roberto  |e author  |9 586788 
700 0 |a Cofré, María Jesús  |e author  |9 586789 
700 0 |a Durán, David  |e author  |9 586790 
700 0 |a Fuentes, Gabriel  |e author  |9 586791 
700 0 |a Humbser, Laura  |e author  |9 586792 
700 0 |a López, Ximena  |e author  |9 586793 
700 0 |a Moya, Lucia  |e author  |9 586794 
700 0 |a Silva, Paula  |e author  |9 586795 
700 0 |a Rodríguez, María Inés  |e author  |9 586796 
245 1 0 |a Posicionamiento al sentado: consideraciones acerca del control postural y la funcionalidad 
250 |a 1a. ed 
300 |a 223 p 
942 |c BK 
945 |d 20160603 11:43:00  |a arojas 
260 |a Santiago  |b Teleton Chile  |c 2015 
650 7 |a POSTURAS  |2 CL-VaPUC  |9 586797 
650 7 |a SEDENTARISMO  |2 CL-VaPUC  |9 559260 
650 0 |a Aprendizaje   |9 254827 
583 |a last modification  |c 20160603 11:43:00  |k Rodrigo Vera 
999 |c 364393  |d 364391 
952 |0 0  |1 0  |3 erb  |4 0  |6 613_043400000000000_ALV_2015  |7 0  |8 A  |9 477556  |a BIBCUR  |b BIBCUR  |i 5288339  |o 613.0434 ALV 2015  |p 5288339  |r 2025-04-22  |w 2019-11-24  |y BK  |z Catalogado en:20160603  |k KIN